[Event "POR-chT Blitz"]
[Site "Viseu"]
[Date "2022.06.12"]
[Round "7.2"]
[White "Cavaleiro, Daniel Felipe Costa"]
[Black "Rego, Pedro Filipe"]
[Result "1-0"]
[WhiteElo "1982"]
[BlackElo "2251"]
[PlyCount "85"]
[EventDate "2022.06.12"]
[EventType "team-swiss (blitz)"]
[EventRounds "7"]
[EventCountry "POR"]
[SourceTitle "CBM 208 Extra"]
[Source "ChessBase"]
[SourceDate "2022.07.31"]
[SourceVersion "1"]
[SourceVersionDate "2022.07.31"]
[SourceQuality "1"]
[WhiteTeam "Montemor o Novo"]
[BlackTeam "Montemor o Novo"]
[WhiteTeamCountry "POR"]
[BlackTeamCountry "POR"]

1. d4 Nf6 2. c4 c5 3. d5 b5 4. cxb5 a6 5. b6 d6 6. Nc3 Nbd7 7. e4 g6 8. Be2 Bg7 9. Nf3 0-0 10. Nd2 Nxb6 11. a4 a5 12. 0-0 e6 13. dxe6 Bxe6 14. Nb5 Qe7 15. Qc2 Nfd7 16. Bc4 Ne5 17. Bxe6 fxe6 18. f4 Nc6 19. Nf3 Nb4 20. Qe2 Rae8 21. Rd1 d5 22. e5 d4 23. Qe4 N6d5 24. Bd2 Ra8 25. Rac1 Rac8 26. Nd6 Rc7 27. Nb5 Rc6 28. g3 Rd8 29. Kg2 Bf8 30. Ne1 Qd7 31. Nd3 Nc7 32. Nxb4 axb4 33. Bxb4 Nxb5 34. axb5 Rcc8 35. Ba5 Re8 36. b6 Ra8 37. Be1 Qb5 38. Rd2 Qxb6 39. Bf2 Ra2 40. Rcc2 Rb8 41. Qe2 Qc6+ 42. Kh3 Qd5 43. Qc4 1-0

[Event "Lisbon Portugal op"]
[Site "Lisbon"]
[Date "2019.02.04"]
[Round "4"]
[White "Calzada Cruz, Osvaldo"]
[Black "Cavaleiro, Daniel Felipe Costa"]
[Result "1/2-1/2"]
[WhiteElo "1754"]
[BlackElo "2001"]
[PlyCount "60"]
[EventDate "2019.02.02"]
[EventType "swiss"]
[EventRounds "9"]
[EventCountry "POR"]
[SourceTitle "CBM 188 Extra"]
[Source "ChessBase"]
[SourceDate "2019.02.26"]
[SourceVersion "1"]
[SourceVersionDate "2019.02.26"]
[SourceQuality "1"]

1. e4 g6 2. d4 d6 3. Nf3 Nf6 4. Nc3 c6 5. Be2 b5 6. e5 dxe5 7. Nxe5 a6 8. Bf3 Bb7 9. a3 Bg7 10. Be3 Nd5 11. Nxd5 cxd5 12. Qd2 h5 13. a4 Nc6 14. Nxc6 Bxc6 15. 0-0 bxa4 16. c4 0-0 17. Rfc1 Rb8 18. cxd5 Bxd5 19. Bxd5 Qxd5 20. Rxa4 Qb5 21. Rca1 Rb6 22. Ra5 Qxb2 23. Qxb2 Rxb2 24. Rxa6 Rb4 25. Rd1 Bxd4 26. Bxd4 Rd8 27. g3 e5 28. Bxe5 Rxd1+ 29. Kg2 g5 30. Rh6 Kf8 1/2-1/2

[Event "POR-chT"]
[Site "Maia"]
[Date "2018.07.18"]
[Round "4.3"]
[White "Cavaleiro, Daniel Felipe Costa"]
[Black "Nagy, Gabor"]
[Result "0-1"]
[WhiteElo "1987"]
[BlackElo "2474"]
[PlyCount "70"]
[EventDate "2018.07.16"]
[EventType "team-tourn"]
[EventRounds "9"]
[EventCountry "POR"]
[SourceTitle "CBM 185 Extra"]
[Source "ChessBase"]
[SourceDate "2018.07.29"]
[SourceVersion "1"]
[SourceVersionDate "2018.07.29"]
[SourceQuality "1"]
[WhiteTeam "Montemor o Velho"]
[BlackTeam "Dias Ferreira"]
[WhiteTeamCountry "POR"]
[BlackTeamCountry "POR"]

1. d4 Nf6 2. c4 e6 3. Nf3 c5 4. d5 exd5 5. cxd5 d6 6. Nc3 g6 7. Nd2 Bg7 8. e4 0-0 9. Be2 Re8 10. 0-0 Na6 11. Re1 Rb8 12. a4 Nb4 13. f3 a6 14. a5 Nh5 15. Nb3 Qh4 16. Be3 Be5 17. f4 Nxf4 18. g3 Nxe2+ 19. Qxe2 Qg4 20. Rac1 Qxe2 21. Rxe2 Nd3 22. Rf1 Bh3 23. Rb1 b5 24. Nd1 Bg4 25. Rd2 c4 26. Nd4 Bxd4 27. Bxd4 Rxe4 28. Bf2 Bxd1 29. Rbxd1 Rbe8 30. b3 Nxf2 31. Kxf2 c3 32. Rc2 b4 33. h3 f5 34. Rd3 Kg7 35. Kf3 Kf6 0-1

[Event "Lisbon Check Mate op 5th"]
[Site "Lisbon"]
[Date "2017.08.28"]
[Round "4"]
[White "Santos, Jose Alves"]
[Black "Cavaleiro, Daniel Felipe Costa"]
[Result "1-0"]
[WhiteElo "2173"]
[BlackElo "2025"]
[PlyCount "89"]
[EventDate "2017.08.26"]
[EventType "swiss"]
[EventRounds "7"]
[EventCountry "POR"]
[SourceTitle "CBM 180 Extra"]
[Source "ChessBase"]
[SourceDate "2017.10.06"]
[SourceVersion "1"]
[SourceVersionDate "2017.10.06"]
[SourceQuality "1"]

1. e4 g6 2. d4 Bg7 3. c4 d6 4. Nc3 e5 5. dxe5 dxe5 6. Qxd8+ Kxd8 7. Bg5+ f6 8. Be3 Be6 9. g3 Nd7 10. 0-0-0 Kc8 11. Bh3 Bxh3 12. Nxh3 Nh6 13. f3 Nf7 14. Rd3 c6 15. Rhd1 Rd8 16. b4 Bf8 17. a3 Kc7 18. Kb2 Be7 19. Kb3 Nb6 20. Bxb6+ axb6 21. Rxd8 Rxd8 22. Rxd8 Nxd8 23. Ng1 Ne6 24. Nge2 Ng5 25. Ng1 Ne6 26. Kc2 f5 27. Kd3 f4 28. Nce2 fxg3 29. hxg3 Kd6 30. Nh3 Bf6 31. f4 Ng7 32. Ke3 Ke6 33. Nc1 exf4+ 34. gxf4 h6 35. Nd3 Ne8 36. a4 Bg7 37. c5 b5 38. axb5 cxb5 39. Ng1 Nc7 40. Nf3 Na6 41. e5 g5 42. fxg5 hxg5 43. Ke4 Bh6 44. Nd4+ Ke7 45. Nf5+ 1-0

[Event "POR-chT"]
[Site "Leiria"]
[Date "2017.07.21"]
[Round "7.1"]
[White "Lombaers, Peter"]
[Black "Cavaleiro, Daniel Felipe Costa"]
[Result "1-0"]
[WhiteElo "2327"]
[BlackElo "2006"]
[PlyCount "83"]
[EventDate "2017.07.17"]
[EventType "team-tourn"]
[EventRounds "9"]
[EventCountry "POR"]
[SourceTitle "CBM 179 Extra"]
[Source "ChessBase"]
[SourceDate "2017.08.23"]
[SourceVersion "1"]
[SourceVersionDate "2017.08.23"]
[SourceQuality "1"]
[WhiteTeam "Porto"]
[BlackTeam "Montemor o Velho"]
[WhiteTeamCountry "POR"]
[BlackTeamCountry "POR"]

1. d4 Nf6 2. c4 e6 3. Nc3 Bb4 4. e3 0-0 5. Bd3 c5 6. Nf3 cxd4 7. exd4 d5 8. 0-0 h6 9. a3 dxc4 10. Bxc4 Be7 11. Qd3 Bd7 12. Bb3 Bc6 13. Ne5 Nbd7 14. Nxc6 bxc6 15. Rd1 Nb6 16. Bf4 Bd6 17. Bxd6 Qxd6 18. Rac1 Rfd8 19. Bc2 Nbd5 20. Na4 Qf4 21. h3 Qg5 22. Qf3 Rab8 23. Bb1 Nf4 24. Rc5 N6d5 25. b4 Rd6 26. Kh2 f5 27. g3 Nh5 28. Nb2 Rf8 29. Nc4 Rdd8 30. Ne5 f4 31. g4 Nhf6 32. Rxc6 h5 33. gxh5 Qxh5 34. Qxh5 Nxh5 35. Bg6 Ne7 36. Bxh5 Nxc6 37. Nxc6 Rd6 38. Bf3 a6 39. a4 Kf7 40. b5 axb5 41. axb5 Rc8 42. Rb1 1-0

[Event "POR-chT"]
[Site "Leiria"]
[Date "2017.07.19"]
[Round "4.4"]
[White "Suarez Garcia, Carlos"]
[Black "Cavaleiro, Daniel Felipe Costa"]
[Result "1-0"]
[WhiteElo "2455"]
[BlackElo "2006"]
[PlyCount "103"]
[EventDate "2017.07.17"]
[EventType "team-tourn"]
[EventRounds "9"]
[EventCountry "POR"]
[SourceTitle "CBM 179 Extra"]
[Source "ChessBase"]
[SourceDate "2017.08.23"]
[SourceVersion "1"]
[SourceVersionDate "2017.08.23"]
[SourceQuality "1"]
[WhiteTeam "Dias Ferreira"]
[BlackTeam "Montemor o Velho"]
[WhiteTeamCountry "POR"]
[BlackTeamCountry "POR"]

1. d4 Nf6 2. c4 e6 3. g3 d5 4. Bg2 Be7 5. Nf3 0-0 6. 0-0 Nbd7 7. Qc2 c6 8. Nbd2 b6 9. e4 dxe4 10. Nxe4 Nxe4 11. Qxe4 Ba6 12. b3 Rc8 13. Rd1 Nf6 14. Qc2 Qc7 15. Bf4 Bd6 16. Bxd6 Qxd6 17. c5 Qe7 18. b4 Rfd8 19. Ne5 Nd5 20. Rab1 f6 21. Nf3 Qf7 22. Bh3 Rc7 23. Re1 Bc8 24. Nd2 b5 25. Ne4 Qh5 26. Bg2 Qg4 27. Qd2 Ne7 28. h3 Qg6 29. Qf4 Nd5 30. Qh4 Ne7 31. Qf4 Nd5 32. Qd2 Ne7 33. Nd6 Nf5 34. Be4 Qg5 35. Qxg5 fxg5 36. Bxf5 exf5 37. Re5 f4 38. Rbe1 Rf8 39. g4 h6 40. Re7 Rxe7 41. Rxe7 Kh7 42. Ne8 Kh8 43. Kg2 h5 44. Kf3 hxg4+ 45. hxg4 Bd7 46. Nd6 Bc8 47. Nf7+ Kh7 48. Nxg5+ Kg6 49. Ne4 Rd8 50. Nd6 Rf8 51. Nxc8 Rxc8 52. Kxf4 1-0

[Event "POR-chT"]
[Site "Leiria"]
[Date "2017.07.17"]
[Round "1.4"]
[White "Cavaleiro, Daniel Felipe Costa"]
[Black "Padeiro, Jose Joao Tato"]
[Result "0-1"]
[WhiteElo "2006"]
[BlackElo "2276"]
[PlyCount "58"]
[EventDate "2017.07.17"]
[EventType "team-tourn"]
[EventRounds "9"]
[EventCountry "POR"]
[SourceTitle "CBM 179 Extra"]
[Source "ChessBase"]
[SourceDate "2017.08.23"]
[SourceVersion "1"]
[SourceVersionDate "2017.08.23"]
[SourceQuality "1"]
[WhiteTeam "Montemor o Velho"]
[BlackTeam "Amanha da Crianca"]
[WhiteTeamCountry "POR"]
[BlackTeamCountry "POR"]

1. d4 c5 2. d5 e5 3. c4 d6 4. Nc3 Be7 5. Nf3 f5 6. h4 h6 7. e4 Nf6 8. Qc2 f4 9. g3 fxg3 10. fxg3 0-0 11. Qg2 Qe8 12. Be2 Qg6 13. Ng5 Bd8 14. Ne6 Bxe6 15. dxe6 Ba5 16. 0-0 Bxc3 17. bxc3 Nc6 18. Bf3 Rae8 19. Rb1 Nd8 20. Rb2 b6 21. g4 Nxe6 22. h5 Qf7 23. Rbf2 Nh7 24. Bd1 Nf4 25. Bxf4 exf4 26. Ba4 Re5 27. Bc6 Qf6 28. Qf3 Ng5 29. Qd3 f3 0-1

[Event "Coimbra Queima das Fitas op"]
[Site "Coimbra"]
[Date "2017.05.01"]
[Round "6"]
[White "Veiga, Jose Francisco RP"]
[Black "Cavaleiro, Daniel Felipe Costa"]
[Result "1-0"]
[WhiteElo "2145"]
[BlackElo "2020"]
[PlyCount "103"]
[EventDate "2017.04.28"]
[EventType "swiss"]
[EventRounds "7"]
[EventCountry "POR"]
[SourceTitle "CBM 178 Extra"]
[Source "ChessBase"]
[SourceDate "2017.06.22"]
[SourceVersion "1"]
[SourceVersionDate "2017.06.22"]
[SourceQuality "1"]

1. e4 g6 2. d4 Bg7 3. Nc3 d6 4. Be3 a6 5. Qd2 b5 6. 0-0-0 Bb7 7. f3 Nd7 8. g4 Nb6 9. h4 h6 10. d5 c5 11. dxc6 Bxc6 12. Bd4 Nf6 13. Nh3 Qc7 14. g5 hxg5 15. Nxg5 Bd7 16. Qe3 Nc4 17. Bxc4 Qxc4 18. e5 dxe5 19. Bxe5 Rc8 20. Rd4 Qc6 21. Rhd1 Be6 22. Kb1 Nh5 23. Nxe6 Qxe6 24. Re4 Nf6 25. Rd6 Qf5 26. Rf4 Ng4 27. Rxg4 Qxe5 28. Qxe5 Bxe5 29. Rxa6 g5 30. Rxg5 Rxh4 31. a3 Bxc3 32. bxc3 Rxc3 33. Ra7 f6 34. Rxb5 Rxf3 35. a4 Ra3 36. a5 Rh1+ 37. Kb2 Rha1 38. Rbb7 R1a2+ 39. Kc1 Rxa5 40. Rxe7+ Kd8 41. Rad7+ Kc8 42. Rc7+ Kb8 43. Rb7+ Kc8 44. Rec7+ Kd8 45. Rg7 Ra1+ 46. Kb2 R1a2+ 47. Kb3 R2a3+ 48. Kb2 Ra2+ 49. Kc3 R2a3+ 50. Kd4 R3a4+ 51. c4 Kc8 52. Rbf7 1-0

[Event "Coimbra Queima das Fitas op"]
[Site "Coimbra"]
[Date "2017.04.30"]
[Round "5"]
[White "Cavaleiro, Daniel Felipe Costa"]
[Black "Adamski, Adam"]
[Result "1-0"]
[WhiteElo "2020"]
[BlackElo "1646"]
[PlyCount "61"]
[EventDate "2017.04.28"]
[EventType "swiss"]
[EventRounds "7"]
[EventCountry "POR"]
[SourceTitle "CBM 178 Extra"]
[Source "ChessBase"]
[SourceDate "2017.06.22"]
[SourceVersion "1"]
[SourceVersionDate "2017.06.22"]
[SourceQuality "1"]

1. d4 Nf6 2. c4 g6 3. Nc3 d5 4. g3 Bg7 5. Bg2 c6 6. Nf3 0-0 7. cxd5 cxd5 8. 0-0 Nc6 9. h3 b6 10. Ne5 Bb7 11. Nxc6 Bxc6 12. Be3 Qd7 13. Qd2 Rfd8 14. Bh6 Rac8 15. Bxg7 Kxg7 16. Rac1 h6 17. Qe3 Qd6 18. a3 Bd7 19. Qe5 Be6 20. Nb5 Qd7 21. Nc7 Bxh3 22. b3 Bxg2 23. Kxg2 Kh7 24. f3 Qd6 25. Nb5 Qd7 26. a4 a6 27. Nc7 a5 28. Rh1 Ng8 29. Nb5 Rxc1 30. Rxc1 e6 31. Rc7 1-0

[Event "Lisbon Portugal op"]
[Site "Lisbon"]
[Date "2017.02.10"]
[Round "9"]
[White "Cavaleiro, Daniel Felipe Costa"]
[Black "Pires, Emanuel Joao Robart"]
[Result "0-1"]
[WhiteElo "2030"]
[BlackElo "2128"]
[PlyCount "78"]
[EventDate "2017.02.04"]
[EventType "swiss"]
[EventRounds "9"]
[EventCountry "POR"]
[SourceTitle "CBM 176 Extra"]
[Source "ChessBase"]
[SourceDate "2017.03.02"]
[SourceVersion "1"]
[SourceVersionDate "2017.03.02"]
[SourceQuality "1"]

1. d4 Nf6 2. c4 e5 3. dxe5 Ng4 4. Nf3 Nc6 5. Bf4 f6 6. e6 Bb4+ 7. Nbd2 dxe6 8. a3 Be7 9. h3 e5 10. hxg4 exf4 11. Qc2 g6 12. Rd1 Bxg4 13. Rxh7 Rxh7 14. Qxg6+ Rf7 15. Qxg4 Nd4 16. e3 Nc2+ 17. Ke2 fxe3 18. fxe3 Bc5 19. Qh5 Qe7 20. Qh8+ Rf8 21. Qh5+ Rf7 22. Qh8+ Kd7 23. Ne4+ Kc6 24. Qh4 Re8 25. Nfd2 Nxe3 26. Rc1 Nf5 27. Qf4 Nd6 28. Kd3 Nxe4 29. Nxe4 Qd7+ 30. Kc2 Qd4 31. Bd3 b6 32. Qf3 Qe3 33. Qh5 Rd7 34. Rd1 Rxe4 35. Bxe4+ Qxe4+ 36. Kb3 Rd3+ 37. Ka2 Qxc4+ 38. Kb1 Rxd1+ 39. Qxd1 Qe4+ 0-1

[Event "Lisbon Portugal op"]
[Site "Lisbon"]
[Date "2017.02.04"]
[Round "2"]
[White "Cavaleiro, Daniel Felipe Costa"]
[Black "Strugnell, Carl"]
[Result "0-1"]
[WhiteElo "2030"]
[BlackElo "2255"]
[PlyCount "44"]
[EventDate "2017.02.04"]
[EventType "swiss"]
[EventRounds "9"]
[EventCountry "POR"]
[SourceTitle "CBM 176 Extra"]
[Source "ChessBase"]
[SourceDate "2017.03.02"]
[SourceVersion "1"]
[SourceVersionDate "2017.03.02"]
[SourceQuality "1"]

1. d4 Nf6 2. c4 e6 3. Nc3 Bb4 4. e3 0-0 5. Bd3 d5 6. Nf3 c5 7. cxd5 exd5 8. 0-0 c4 9. Be2 Nc6 10. Ne1 Bf5 11. f3 Bg6 12. Nc2 Ba5 13. Bd2 Re8 14. Re1 b5 15. Bf1 b4 16. Na4 Qd6 17. Nc5 Rab8 18. b3 c3 19. Bc1 Bxc2 20. Qxc2 Nxd4 21. exd4 Rxe1 22. Bf4 Rxf1+ 0-1

[Event "POR-chT2 final"]
[Site "Matosinhos"]
[Date "2016.08.14"]
[Round "2.1"]
[White "Cavaleiro, Daniel Felipe Costa"]
[Black "Felix, Carlos"]
[Result "1-0"]
[WhiteElo "2012"]
[BlackElo "1724"]
[PlyCount "71"]
[EventDate "2016.08.13"]
[EventType "team-tourn"]
[EventRounds "3"]
[EventCountry "POR"]
[SourceTitle "EXT 2018"]
[Source "ChessBase"]
[SourceDate "2017.10.13"]
[SourceVersion "1"]
[SourceVersionDate "2017.10.13"]
[SourceQuality "1"]
[WhiteTeam "Montemor o Velho"]
[BlackTeam "O Amanha da Crianca"]
[WhiteTeamCountry "POR"]
[BlackTeamCountry "POR"]

1. d4 Nf6 2. c4 c5 3. d5 b5 4. cxb5 a6 5. b6 Qxb6 6. Nc3 d6 7. e4 g6 8. Be2 Bg7 9. Nf3 Bd7 10. Nd2 Bb5 11. Qb3 Nbd7 12. Bxb5 axb5 13. Nxb5 0-0 14. a4 Rfc8 15. Nc4 Qa6 16. Qc2 Rab8 17. Ra3 Nb6 18. Nxb6 Qxb6 19. 0-0 Nd7 20. Kh1 Rb7 21. f4 Nf6 22. Qc4 Rd8 23. Rd3 Rbd7 24. h3 h5 25. Be3 Qb7 26. b4 cxb4 27. Qxb4 Qa6 28. Ra3 Rc8 29. Rc1 Rxc1+ 30. Bxc1 Rd8 31. Kh2 Rc8 32. Be3 Rc2 33. Nd4 Rc4 34. Qb5 Qc8 35. a5 Nxe4 36. Nc6 1-0

[Event "Lisbon Honra"]
[Site "Lisbon"]
[Date "2016.06.11"]
[Round "9"]
[White "Baptista, Ana Filipa"]
[Black "Cavaleiro, Daniel Felipe Costa"]
[Result "1-0"]
[WhiteElo "2139"]
[BlackElo "1945"]
[PlyCount "107"]
[EventDate "2016.06.05"]
[EventType "tourn"]
[EventRounds "9"]
[EventCountry "POR"]
[SourceTitle "EXT 2018"]
[Source "ChessBase"]
[SourceDate "2017.10.13"]
[SourceVersion "1"]
[SourceVersionDate "2017.10.13"]
[SourceQuality "1"]

1. e4 g6 2. d4 Bg7 3. f4 d6 4. Nf3 e6 5. Bd3 Ne7 6. 0-0 Nd7 7. f5 b6 8. fxe6 fxe6 9. Ng5 Nf6 10. Bc4 d5 11. e5 Ne4 12. Nf7 Qd7 13. Nxh8 dxc4 14. Qf3 Qxd4+ 15. Be3 Qxe5 16. Nc3 Bb7 17. Rad1 Qf5 18. Qe2 Nxc3 19. bxc3 Qe4 20. Rf4 Qxg2+ 21. Qxg2 Bxg2 22. Kxg2 Bxh8 23. Rxc4 Nd5 24. Bd2 0-0-0 25. Re1 b5 26. Rc5 Kd7 27. Rxb5 Nxc3 28. Bxc3 Bxc3 29. Rd1+ Kc6 30. Rxd8 Kxb5 31. Rd7 Kc6 32. Rxh7 Bd2 33. Kf3 g5 34. Ke4 Kd6 35. Rh8 Ke7 36. Ra8 a5 37. Kd3 Bb4 38. c3 Bd6 39. Rxa5 Bxh2 40. Rxg5 Kd6 41. Kc4 Bf4 42. Rg8 Kc6 43. Rg6 Kd7 44. a4 Kc6 45. Rxe6+ Kb7 46. Kb5 Bg3 47. c4 Bf2 48. a5 Ba7 49. a6+ Ka8 50. Re8+ Bb8 51. Kc6 Ka7 52. c5 Ka8 53. Rxb8+ Kxb8 54. Kd7 1-0

[Event "Lisbon Honra"]
[Site "Lisbon"]
[Date "2016.06.11"]
[Round "8"]
[White "Cavaleiro, Daniel Felipe Costa"]
[Black "Vasconcellos, Renato Fialho"]
[Result "1-0"]
[WhiteElo "1945"]
[BlackElo "2042"]
[PlyCount "89"]
[EventDate "2016.06.05"]
[EventType "tourn"]
[EventRounds "9"]
[EventCountry "POR"]
[SourceTitle "EXT 2018"]
[Source "ChessBase"]
[SourceDate "2017.10.13"]
[SourceVersion "1"]
[SourceVersionDate "2017.10.13"]
[SourceQuality "1"]

1. d4 Nf6 2. c4 e6 3. Nc3 Bb4 4. Qc2 Nc6 5. Nf3 0-0 6. a3 Bxc3+ 7. bxc3 d6 8. e4 e5 9. d5 Ne7 10. Be2 Nd7 11. Nd2 Nc5 12. Nb3 Nxb3 13. Qxb3 b6 14. 0-0 f5 15. f3 Bd7 16. Be3 Qe8 17. a4 a5 18. c5 bxc5 19. Bxc5 Kh8 20. Bf2 fxe4 21. fxe4 Qg6 22. Qc4 c5 23. Qd3 Qe8 24. Qc2 Qg6 25. Bd3 Ng8 26. Bb5 Bg4 27. Bg3 Nf6 28. Bd3 c4 29. Bxc4 Qxe4 30. Qxe4 Nxe4 31. Rxf8+ Rxf8 32. Bh4 g5 33. Re1 Nxc3 34. Bxg5 Nxa4 35. Be7 Rf4 36. Bb5 Rb4 37. Bc6 Nb2 38. Bxd6 Nd3 39. Bxb4 axb4 40. Re3 Nc5 41. d6 b3 42. d7 Nxd7 43. Bxd7 b2 44. Rb3 Bxd7 45. Rxb2 1-0

[Event "Lisbon Honra"]
[Site "Lisbon"]
[Date "2016.06.11"]
[Round "5"]
[White "Dias, Ricardo Pedro Cruz"]
[Black "Cavaleiro, Daniel Felipe Costa"]
[Result "0-1"]
[WhiteElo "2073"]
[BlackElo "1945"]
[PlyCount "120"]
[EventDate "2016.06.05"]
[EventType "tourn"]
[EventRounds "9"]
[EventCountry "POR"]
[SourceTitle "EXT 2018"]
[Source "ChessBase"]
[SourceDate "2017.10.13"]
[SourceVersion "1"]
[SourceVersionDate "2017.10.13"]
[SourceQuality "1"]

1. e4 g6 2. d4 Bg7 3. Nc3 d6 4. f4 e6 5. Nf3 Ne7 6. Be3 Nd7 7. Bd3 b6 8. Qd2 Bb7 9. 0-0 0-0 10. Ne2 Nf6 11. Ng3 Ng4 12. b4 Nxe3 13. Qxe3 Qd7 14. Rac1 Rfc8 15. c4 c5 16. bxc5 bxc5 17. d5 exd5 18. exd5 Re8 19. Qd2 Qa4 20. Ne4 Rad8 21. Rb1 Ba6 22. Nc3 Qa5 23. Nb5 Qxd2 24. Nxd2 Bxb5 25. Rxb5 Bd4+ 26. Kh1 Nf5 27. Rfb1 Ne3 28. h3 Nf5 29. R5b3 Be3 30. Ne4 Kg7 31. g3 Bd4 32. Kh2 Re7 33. Rb7 Red7 34. a4 Kf8 35. g4 Ne3 36. Ng5 h6 37. Nf3 Bc3 38. R1b3 Bb4 39. Rxd7 Rxd7 40. Kg3 Re7 41. Rb1 a5 42. Kf2 Kg7 43. Ng1 f5 44. Kf3 Kf6 45. Ne2 g5 46. gxf5 Nxf5 47. Bxf5 Kxf5 48. Ng3+ Kg6 49. f5+ Kf6 50. Kg4 Re3 51. Nh5+ Kf7 52. Rb2 Re4+ 53. Kf3 Rxc4 54. Re2 Rh4 55. Ng3 Rxh3 56. Re6 c4 57. Kg2 Rh4 58. Ne4 c3 59. f6 c2 60. Re7+ Kf8 0-1

[Event "Lisbon Honra"]
[Site "Lisbon"]
[Date "2016.06.08"]
[Round "4"]
[White "Cavaleiro, Daniel Felipe Costa"]
[Black "Morais, Vitor Mestre"]
[Result "1-0"]
[WhiteElo "1945"]
[BlackElo "1913"]
[PlyCount "103"]
[EventDate "2016.06.05"]
[EventType "tourn"]
[EventRounds "9"]
[EventCountry "POR"]
[SourceTitle "EXT 2018"]
[Source "ChessBase"]
[SourceDate "2017.10.13"]
[SourceVersion "1"]
[SourceVersionDate "2017.10.13"]
[SourceQuality "1"]

1. d4 d5 2. c4 Nc6 3. Nc3 dxc4 4. e3 e5 5. d5 Nb8 6. Bxc4 a6 7. a4 Nf6 8. e4 h6 9. h3 Bd6 10. Nf3 0-0 11. 0-0 Nbd7 12. Rb1 Qe7 13. Qc2 Nh5 14. Ne2 Nb6 15. Bd3 Re8 16. Re1 Nd7 17. Bd2 Nf8 18. b4 Ng6 19. Ng3 Nhf4 20. Bf1 Qf6 21. Rb3 Bd7 22. b5 axb5 23. Bxb5 Bxb5 24. axb5 b6 25. Nf5 Bc5 26. Be3 Ne7 27. Bxc5 Nxf5 28. Bb4 Nd6 29. Bxd6 cxd6 30. Kh2 Rac8 31. Rc3 Rc5 32. Rxc5 dxc5 33. Qc3 g5 34. g3 Ng6 35. Kg2 Qd6 36. Nd2 Qd7 37. Nc4 Qc7 38. Ra1 Rb8 39. Ra6 f6 40. Qa3 Rb7 41. d6 Qd7 42. Rxb6 Rxb6 43. Nxb6 Qxd6 44. Qa8+ Kf7 45. Nd5 Nf8 46. b6 Nd7 47. Qd8 Qc6 48. Qc7 Qa4 49. Nc3 Qd4 50. b7 Ke6 51. Qc6+ Ke7 52. Nd5+ 1-0

[Event "POR-chT"]
[Site "Porto"]
[Date "2015.08.16"]
[Round "1.3"]
[White "Cavaleiro, Daniel Felipe Costa"]
[Black "Martins, David Pires Tavares"]
[Result "0-1"]
[WhiteElo "1900"]
[BlackElo "2334"]
[PlyCount "72"]
[EventDate "2015.08.16"]
[EventType "team-tourn"]
[EventRounds "9"]
[EventCountry "POR"]
[SourceTitle "EXT 2016"]
[Source "ChessBase"]
[SourceDate "2015.10.08"]
[SourceVersion "1"]
[SourceVersionDate "2015.10.08"]
[SourceQuality "1"]
[WhiteTeam "Montemor o Velho"]
[BlackTeam "Dias Ferreira"]
[WhiteTeamCountry "POR"]
[BlackTeamCountry "POR"]

1. d4 g6 2. c4 f5 3. g3 Bg7 4. Bg2 Nf6 5. Nc3 0-0 6. Nh3 d6 7. 0-0 c6 8. d5 e5 9. c5 dxc5 10. Be3 cxd5 11. Bxc5 Re8 12. Nxd5 Nbd7 13. Bd6 Nxd5 14. Bxd5+ Kh8 15. Bf7 Nb6 16. Bxe8 Qxe8 17. Bc7 Bd7 18. Bxb6 axb6 19. Qb3 h6 20. Qxb6 f4 21. Kg2 g5 22. f3 e4 23. a3 fxg3 24. hxg3 Bc6 25. Ng1 exf3+ 26. exf3 g4 27. Rae1 Qg6 28. Qb3 Rd8 29. Re6 Rd2+ 30. Rf2 gxf3+ 31. Kf1 Qb1+ 32. Re1 Rxf2+ 33. Kxf2 Bd4+ 34. Re3 Qe4 35. Nh3 Bd5 36. Qd1 Qxe3+ 0-1

[Event "POR Cup 37th"]
[Site "Alcochete"]
[Date "2015.06.20"]
[Round "1.2"]
[White "Cavaleiro, Daniel Felipe Costa"]
[Black "Vasques, Antonio Pedro Freix"]
[Result "0-1"]
[WhiteElo "1916"]
[BlackElo "2270"]
[PlyCount "96"]
[EventDate "2015.06.20"]
[EventType "team-k.o."]
[EventRounds "2"]
[EventCountry "POR"]
[SourceTitle "CBM 167 Extra"]
[Source "ChessBase"]
[SourceDate "2015.09.14"]
[SourceVersion "1"]
[SourceVersionDate "2015.09.14"]
[SourceQuality "1"]
[WhiteTeam "Montemor o Velho"]
[BlackTeam "POR Sporting Clube"]
[WhiteTeamCountry "POR"]
[BlackTeamCountry "POR"]

1. d4 Nf6 2. c4 g6 3. Nc3 Bg7 4. e4 d6 5. Nf3 0-0 6. Be2 Na6 7. 0-0 e5 8. Rb1 exd4 9. Nxd4 Re8 10. f3 Nc5 11. b4 Ne6 12. Be3 a5 13. b5 Nh5 14. Nd5 Bxd4 15. Bxd4 c6 16. bxc6 bxc6 17. Nb6 Nhf4 18. Rf2 Nxd4 19. Qxd4 Rb8 20. Qe3 Ne6 21. Bd3 Nc5 22. Rfb2 Ba6 23. Qd4 Rb7 24. Bf1 Qc7 25. Qc3 a4 26. Qb4 Reb8 27. Qa5 a3 28. Rb4 Ra7 29. e5 Rbb7 30. exd6 Qxd6 31. Nc8 Qd4+ 32. Kh1 Rxb4 33. Rxb4 Nd3 34. Qb6 Nf2+ 35. Kg1 Nh3+ 36. Kh1 Nf2+ 37. Kg1 c5 38. h4 Nd3+ 39. Kh2 Qxh4+ 40. Kg1 Qd4+ 41. Kh1 Nxb4 42. Nxa7 Qa1 43. Kh2 Qe5+ 44. Kg1 Qe3+ 45. Kh2 Qe5+ 46. Kg1 Kg7 47. Nb5 Bxb5 48. Qxb5 Nxa2 0-1

[Event "Coimbra Queima das Fitas op"]
[Site "Coimbra"]
[Date "2015.05.02"]
[Round "4"]
[White "Drezzadore, Dario"]
[Black "Cavaleiro, Daniel Felipe Costa"]
[Result "1-0"]
[WhiteElo "2067"]
[BlackElo "1865"]
[PlyCount "57"]
[EventDate "2015.04.30"]
[EventType "swiss"]
[EventRounds "7"]
[EventCountry "POR"]
[SourceTitle "EXT 2018"]
[Source "ChessBase"]
[SourceDate "2017.10.13"]
[SourceVersion "1"]
[SourceVersionDate "2017.10.13"]
[SourceQuality "1"]

1. e4 e5 2. Bc4 d6 3. f4 exf4 4. Nf3 Be7 5. 0-0 Nf6 6. d3 c6 7. Bxf4 0-0 8. Qe1 Nbd7 9. Nbd2 Nc5 10. d4 Ne6 11. Be3 Ng4 12. Bd3 Nxe3 13. Qxe3 c5 14. c3 a6 15. Rf2 Bd7 16. d5 Ng5 17. e5 Nxf3+ 18. Nxf3 dxe5 19. Nxe5 Be8 20. Raf1 Bd6 21. Bxh7+ Kxh7 22. Qh3+ Kg8 23. Ng6 f6 24. Qh8+ Kf7 25. Rxf6+ Qxf6 26. Rxf6+ Kxf6 27. Nxf8 Rb8 28. Ne6 Bf7 29. Qh4+ 1-0